| Поле | Инд. | ПП | Название | Значение |
|---|---|---|---|---|
| Тип записи | a | |||
| Библиографический уровень | m | |||
| 001 | Контрольный номер | RU/IS/BASE/315047478 | ||
| 005 | Дата корректировки | 20140703183536.3 | ||
| 040 | a | Служба первич. каталог. | НБ ТвГУ | |
| b | Код языка каталог. | rus | ||
| e | Правила каталог. | PSBO | ||
| 041 | 0_ | a | Код языка текста | rus |
| 080 | a | Индекс УДК | 821.161.1.09(043.3) | |
| 084 | a | Индекс другой классификации/Индекс ББК | Ш5(2=411.2)6-34я031 | |
| 090 | a | Полочн. индекс | Ш5(2=411.2) | |
| x | Авторский знак | Л 17 | ||
| 100 | 1_ | a | Автор | Лазарева Елена Витальевна |
| q | Полное имя | Лазарева Е. В. | ||
| 245 | 10 | a | Заглавие | Иерархия ценностей в современной женской прозе (на материале произведений Т. Толстой, М. Арбатовой, Т. Москвиной) |
| b | Продолж. заглавия | автореф. дис. ... канд. филол. наук : 10.01.01 | ||
| c | Ответственность | Кубан. гос. ун-т, Каф. соврем. отеч. лит. и критики филол. фак. | ||
| 260 | a | Место издания | Краснодар | |
| c | Дата издания | 2009 | ||
| 653 | a | Ключевые слова | 20 в. | |
| a | Ключевые слова | Арбатова | ||
| a | Ключевые слова | Литературные темы | ||
| a | Ключевые слова | Москвина | ||
| a | Ключевые слова | Русская литература | ||
| a | Ключевые слова | Тема иерархии ценностей в литературе | ||
| a | Ключевые слова | Толстая | ||
| a | Ключевые слова | Авторефераты | ||
| 930 | a | Новая/Ретро | авторефераты | |
| 952 | c | Вид литературы | А/Р н | |
| 954 | a | Дата поступления на обработку | 20100406 |